Normal view
MARC view
Entry Topical Term
001 - CONTROL NUMBER
- control field: 391
003 - CONTROL NUMBER IDENTIFIER
- control field: OSt
005 - DATE AND TIME OF LATEST TRANSACTION
- control field: 20220919141218.0
008 - FIXED-LENGTH DATA ELEMENTS
- fixed length control field: 220919|| aca||aabn | a|a d
040 ## - CATALOGING SOURCE
- Original cataloging agency: OSt
- Transcribing agency: OSt
150 ## - HEADING--TOPICAL TERM
- Topical term or geographic name entry element: Clinical clerkship
- Form subdivision: Outlines, syllabi, etc
670 ## - SOURCE DATA FOUND
- Source citation: Work cat.: (OSt)0: Agabegi, Steven S. 389, Step-up to medicine. /, 2008.
